000 01298nam a2200349Ia 4500
001 ebr10465573
003 CaPaEBR
006 m u
007 cr cn|||||||||
008 100310s2009 dk a sb 000 0 eng d
010 _z 2010275865
020 _z9788763002325
020 _z8763002329
040 _aCaPaEBR
_cCaPaEBR
035 _a(OCoLC)769114330
050 1 4 _aLB1027.23
_b.I47 2009eb
245 0 0 _aImproving students' learning outcomes
_h[electronic resource] /
_ceditors, Claus Nygaard, Clive Holtham, Nigel Courtney.
250 _a1st ed.
260 _aPortland, OR :
_bCopenhagen Business School Press,
_c2009.
300 _a335 p. :
_bill.
504 _aIncludes bibliographical references.
533 _aElectronic reproduction.
_bPalo Alto, Calif. :
_cebrary,
_d2011.
_nAvailable via World Wide Web.
_nAccess may be limited to ebrary affiliated libraries.
650 0 _aStudent-centered learning.
650 0 _aActive learning.
650 0 _aCollege teaching.
655 7 _aElectronic books.
_2local
700 1 _aNygaard, Claus.
700 1 _aHoltham, Clive.
700 1 _aCourtney, Nigel.
710 2 _aebrary, Inc.
856 4 0 _uhttp://site.ebrary.com/lib/rucke/Doc?id=10465573
_zAn electronic book accessible through the World Wide Web; click to view
999 _c242436
_d242436